The power and limits of personal change: When a bad past does (and does not) inspire in the present. (Record no. 347609)
[ view plain ]
| 000 -LEADER | |
|---|---|
| fixed length control field | 00521nam a2200133Ia 4500 |
| 008 - FIXED-LENGTH DATA ELEMENTS--GENERAL INFORMATION | |
| fixed length control field | 171207s9999 xx 000 0 und d |
| 100 ## - MAIN ENTRY--PERSONAL NAME | |
| Personal name | Klein, Nadav |
| 245 #4 - TITLE STATEMENT | |
| Title | The power and limits of personal change: When a bad past does (and does not) inspire in the present. |
| 245 ## - TITLE STATEMENT | |
| Statement of responsibility, etc | Klein, Nadav; O'Brien, Ed. |
| 260 ## - PUBLICATION, DISTRIBUTION, ETC. (IMPRINT) | |
| Date of publication, distribution, etc | 2017 |
| 300 ## - PHYSICAL DESCRIPTION | |
| Extent | pages 210-229, August 2017 |
| 440 ## - SERIES STATEMENT/ADDED ENTRY--TITLE | |
| Title | Journal of Personality and Social Psychology |
| Volume number/sequential designation | 113:2 |
| 650 ## - SUBJECT ADDED ENTRY--TOPICAL TERM | |
| Topical term or geographic name as entry element | ANTISOCIL BEHAVIOR, CHANGE, IMPROVEMENT, INSPIRATION, SELF-OTHER JUDGMENT |
| Withdrawn status | Lost status | Damaged status | Home library | Current library | Date acquired | Total Checkouts | Date last seen | Price effective from | Koha item type |
|---|---|---|---|---|---|---|---|---|---|
| College Library | College Library | 12/07/2017 | 12/07/2017 | 12/07/2017 | Periodicals |